| 000 | 00672nam a2200121Ia 4500 | ||
|---|---|---|---|
| 008 | 220615s9999||||xx |||||||||||||| ||und|| | ||
| 100 | _aHirvi, Laura | ||
| 245 | 0 | _aIdentities in Practice: A Trans-Atlantic Ethnography of Sikh immigrants in Finland and in California | |
| 546 | _aEnglish[eng] | ||
| 650 | _aimmigrants||practice||finland||sikh||california||identity||Gurdwara||Helsinki||India||Sikhism||Sikhs||Turban||Yuba City||California | ||
| 856 | _uhttps://library.oapen.org/bitstream/20.500.12657/32121/1/617164.pdf||https://library.oapen.org/bitstream/20.500.12657/32121/1/617164.pdf||https://library.oapen.org/bitstream/20.500.12657/32121/1/617164.pdf | ||
| 942 | _cEB | ||
| 999 |
_c18207 _d18207 |
||